Titans et Titanides - Statistiques

Statistiques générales
  • Ce quiz a été pris 77 fois
    70 depuis la dernière actualisation
  • Le résultat moyen est 12 sur 25
Statistiques - réponses
Hint Réponse % Correct
1. Cronos
98%
2. Rhéa
95%
5. Océan
77%
13. Atlas
75%
14. Prométhée
73%
9. Japet
71%
3. Hypérion
64%
15. Épiméthée
61%
10. Crios
59%
7. Mnémosyne
59%
12. Phoebé
59%
11. Coéos
57%
8. Thémis
57%
4. Théia
55%
6. Téthys
54%
17. Séléné
48%
16. Hélios
46%
19. Léto
43%
18. Éos
30%
20. Astéria
16%
21. Pallas
13%
25. Ménétios
9%
22. Persès
9%
23. Astréos
4%
24. Hespéros
4%
Aucun quiz correspondant
Distribution des résultats
% des personnes avec chaque résultat
Percentile par nombre de réponses
Votre historique - résultats
Vous n’avez pas pris ce quiz depuis la dernière actualisation